Joueurs de foot France (2000-2024) - Statistiques

Statistiques générales
  • Ce quiz a été pris 77 fois
  • Le résultat moyen est 37 sur 203
Statistiques - réponses
Poste(s) Clubs Joueur % Correct
Gardien Nice, Lyon, Spurs, Los Angeles Hugo Lloris
80%
Gardien Toulouse, Marseille, Monaco, Man United, Nantes FC Fabien Barthez
75%
Gardien Le Havre, Marseille, Crystal Palace, Rennes Steve Mandanda
67%
Gardien PSG, Lens, Bastia, Villareal, Real Madrid, Fulham, West Ham Alphonse Areola
57%
Milieu Cannes, Bordeaux, Juventus, Real Madrid Zinedine Zidane
51%
Gardien St Etienne, Lyon, Atletico Madrid, PSG Gregory Coupet
49%
Gardien Nantes FC, PSG, Lille, Bastia Mickael Landreau
49%
Attaquant Monaco, PSG, Real Madrid Kylian Mbappé
48%
Attaquant Real Sociedad, Atlético Madrid, Barcelone Antoine Griezmann
43%
Défenseur Monaco, Parme, Juventus, Barcelone Lilian Thuram
41%
Attaquant Grenoble, Istres, Tours, Montpellier, Arsenal, Chelsea, AC Milan Olivier Giroud
41%
Attaquant Lyon, Real Madrid, Al Ittihad Karim Benzema
39%
Défenseur Atletico Madrid, Bayern, PSG Lucas Hernandez
39%
Milieu Le Havre, Man United, Juventus Paul Pogba
39%
Gardien PSG, Lille, AC Milan Mike Maignan
38%
Milieu Boulogne, Caen, Leicester, Chelsea, Al Ittihad N'golo Kanté
38%
Gardien Cannes, Inter, Verone, Parme, Fiorentina, Genoa, Bursaspor Sébastien Frey
38%
Attaquant Monaco, Juventus, Arsenal, Barcelone, NYRD Thierry Henry
38%
Défenseur Lille, Stuttgart, Bayern, Inter Benjamin Pavard
34%
Attaquant Rennes, Dortmund, Barcelone, PSG Ousmane Dembélé
34%
Défenseur Bordeaux, Bilbao, Bayern, Marseille Bixente Lizarazu
33%
Attaquant Nantes FC, Boulogne, Francfort, PSG Randal Kolo Muani
33%
Gardien Toulouse, Fiorentina, Nantes FC Alban Lafont
31%
Milieu Troyes, St Etienne, PSG, Juventus, Inter Miami Blaise Matuidi
31%
Milieu Nantes, Marseille, Bordeaux, Juventus, Chelsea, Valence CF Didier Deschamps
31%
Défenseur Montpellier, Naples, St Etienne, Barcelone, Marseille, Inter, Man United Laurent Blanc
31%
Attaquant Sochaux, Guingamps, M'Gladbach, Inter Marcus Thuram
31%
Défenseur Lille, Valence CF, AC Milan, Seville FC, Marseille, Fenerbahce, Troyes Adil Rami
30%
Attaquant Lorient, Pau, Toulouse, Marseille, Tigres UANL André-Pierre Gignac
30%
Milieu Lyon, Bayern Corentin Tolisso
30%
Milieu Lyon, Real Betis Nabil Fekir
30%
Défenseur Lens, Real Madrid, Man United Raphaël Varane
30%
Gardien Le Havre, Marseille, Nancy, Caen, Lens Brice Samba
28%
Milieu Boulogne, Ales, Brest, Metz, Marseille, Bayern, Fiorentina, Salernitana Franck Ribéry
28%
Attaquant PSG, Juventus, Bayern Kingsley Coman
28%
Défenseur Nantes FC, Marseille, AC Milan, Chelsea, Al Gharafa, Qatar SC Marcel Desailly
28%
Défenseur PSG Presnel Kimpembe
28%
Milieu Bordeaux, Monaco, Real Madrid Aurélien Tchouaméni
26%
Défenseur Le Havre, Marseille, Monaco, Man City, Lorient Benjamin Mendy
26%
Gardien Caen, Vannes, Sedan, Rennes, Bordeaux, Auxerre, Lille, Salernitana Benoit Costil
26%
Attaquant PSG, Leipzig, Chelsea Christopher Nkunku
26%
Attaquant Platense, Monaco, Juventus, Hercules, River Plate, Newell's Old Boys David Trezeguet
26%
Défenseur Valenciennes, Leipzig, Salzbourg, Bayern Dayot Upamecano
26%
Défenseur Bordeaux, Seville FC, Barcelone Jules Koundé
26%
Milieu Cannes, AC Milan, Arsenal, Juventus, Inter, Man City Patrick Vieira
26%
Défenseur Lyon, Barcelone, Lecce, Lille Samuel Umtiti
26%
Milieu PSG, Toulouse, Juventus Adrien Rabiot
25%
Attaquant Lyon, Arsenal Alexandre Lacazette
25%
Milieu Nantes FC, St Etienne, Lille, Marseille, West Ham, Vasco de Gama Dimitri Payet
25%
Milieu Marseille, Arsenal, Man City, Seville FC, West Ham, Anderlecht Samir Nasri
25%
Gardien Monaco, Bayonne, St Etienne Stéphane Ruffier
25%
Milieu PSG Warren Zaïre-Emery
25%
Milieu Lyon, Marseille, Newcastle, Nice, PSG, Rennes, Bordeaux, Lille Hatem Ben Arfa
23%
Défenseur Sochaux, Leipzig, Liverpool Ibrahima Konaté
23%
Gardien Lorient, Leeds Illan Meslier
23%
Milieu Libourne, Marseille, DynamoMos, Lyon, Fenerbahce, Olympiakos, Apollon Mathieu Valbuena
23%
Milieu Toulouse, Newcastle, Spurs, Watford, Nantes FC Moussa Sissoko
23%
Défenseur Monza, Nice, Monaco, Man United, Juventus, Marseille, West Ham Patrice Evra
23%
Milieu Caen, Monaco, Atlético Madrid Thomas Lemar
23%
Attaquant Lyon, Monaco, Man United Anthony Martial
21%
Défenseur Monaco, Arsenal, Barcelone, Chelsea Emmanuel Petit
21%
Milieu Monaco, Arsenal, Chelsea, Barcelone Emmanuel Petit
21%
Défenseur Lille, PSG, AS Roma, Barcelone, Everton, Aston Villa Lucas Digne
21%
Attaquant PSG, Crotone, Leverkusen, Aston Villa Moussa Diaby
21%
Attaquant PSG,Arsenal,RealM,ManCity,Fenerbahce,Bolton,Chelsea,Shanghai,Mumbay Nicolas Anelka
21%
Milieu Rennes, Bordeaux, Arsenal, Lyon, Marseille, Metz, Nantes Sylvain Wiltord
21%
Défenseur Atletico Madrid, Alaves, Real Madrid, Real Sociedad, AC Milan Theo Hernandez
21%
Défenseur St Etienne, Nice, Marseille, Arsenal William Saliba
21%
Attaquant Alfortville, Toulouse, Seville FC, Monaco Wissam Ben Yedder
21%
Défenseur Auxerre, Arsenal, Man City, Benevento, Montréal Impact Bacary Sagna
20%
Gardien Marseille, Crystal Palace, Guingamps, Toulouse, Bordeaux, Galatasaray Cédric Carrasso
20%
Défenseur Lyon Duchère, Monaco, Lille, Lyon, Barcelone, Olympiakos Eric Abidal
20%
Milieu Chateauroux, Guingamps, Lyon, Chelsea, Trabzonspor, Metz, Differdange Florent Malouda
20%
Attaquant Strasbourg, Lorient, PSG, Seville FC, Atlético Madrid, Valence CF Kevin Gameiro
20%
Milieu Lyon, Monaco, Barcelone, AS Roma, PSG, Lorient, Chasselay Ludovic Giuly
20%
Défenseur PSG, Liverpool, Crystal Palace, Montpellier Mamadou Sakho
20%
Défenseur Auxerre, AS Roma, AC Milan Philippe Mexès
20%
Milieu Montpellier, Arles-Avig, Newcastle, Marseille, St Etienne, Krasnodar, Lille Rémy Cabella
20%
Gardien Angers, Bordeaux, Sedan Ulrich Ramé
20%
Défenseur Caen, Marseille, Chelsea, Arsenal, Spurs, Perth Glory William Gallas
20%
Milieu Lille, Newcastle, PSG, Crystal Palace, Al Nasr Dubai, St Etienne Yohan Cabaye
20%
Milieu Grenoble, Strasbourg, Monaco, PSG, Inter, Kaiserslautern, Bolton, NYRB Youri Djorkaeff
20%
Milieu Marseille, Aston Villa Boubacar Kamara
18%
Attaquant Bordeaux, AC Milan, Barcelone, Marseille, Birmingham, Qatar SC Christophe Dugarry
18%
Attaquant Auxerre,Liverpool,Marseille,Panathinaikos,Lazio,Krasnodar,Bastia, Yverdon Djibril Cissé
18%
Défenseur Troyes, Lille, Monaco, Eveton, Athènes AEK Djibril Sidibé
18%
Attaquant Le Havre, Gueugnon, PSG, Dalian, Bordeaux, Young Boys, FC Sion Guillaume Hoarau
18%
Défenseur Sochaux, Toulouse, Valence CF, Barcelone, Sporting P Jérémy Mathieu
18%
Défenseur Avranches, QRM, Lens, Marseille Jonathan Clauss
18%
Milieu Nantes FC, St Etienne, Aston Villa, Fiorentina, AS Roma, Marseille Jordan Veretout
18%
Défenseur Guingamps, Tours, Lorient, Arsenal, Bordeaux Laurent Koscielny
18%
Défenseur Lyon, Chelsea Malo Gusto
18%
Milieu Lorient, Arsenal, Hertha Berlin, Marseille, Lazio Rome Mattéo Guendouzi
18%
Milieu Amiens, Blackburn, Stoke, Seville FC, AS Roma, Rennes, Konyaspor Steven Nzonzi
18%
Attaquant Lyon, Auxerre, Nice, M'Gladbach Alassane Pléa
16%
Défenseur Rennes, Valence CF, Lyon, Naples, Sunderland Anthony Réveillère
16%
Défenseur Paris FC, Reims, Monaco, Chelsea Axel Disasi
16%
Défenseur Bilbao, Man City, Al Nassr Aymeric Laporte
16%
Attaquant StEtienne, Troyes, Lyon, Swansea, OM, Galatasaray, Al Hilal, Kawasaki Bafétimbi Gomis
16%
Défenseur Monaco, Chelsea Benoit Badiashile
16%
Défenseur Bordeaux, Dynamo Kiev, St Etienne, Seville FC Benoit Trémoulinas
16%
Milieu Nantes FC, Marseille, Celta Vigo, Real Madrid, Chelsea, PSG Claude Makélélé
16%
Défenseur Nancy, Seville FC, Barcelone, Spurs, Aston Villa Clément Lenglet
16%
Défenseur Le Havre, Lyon, Real Madrid Ferland Mendy
16%
Milieu Caen, Troyes, Monaco, PSG, Rangers, Ankaragucu, Bastia, Jérôme Rothen
16%
Défenseur Lille, Newcastle, Arsenal, Bordeaux, St Etienne, Valenciennes Mathieu Debuchy
16%
Milieu Lyon, AS Roma, Seville FC, Grenade CF, Clermont Maxime Gonalons
16%
Défenseur Laval, Montpellier, Leipzig, PSG Nordi Mukiele
16%
Milieu St Etienne, Leicester, Chelsea Weslay Fofana
16%
Défenseur St Etienne, Monaco, Bayern Willy Sagnol
16%
Défenseur Niort, Lorient, PSG, Lyon, Nice, Amiens Christophe Jallet
15%
Milieu Rennes, Real Madrid Edouardo Camavinga
15%
Défenseur Liège, FC Porto, Man City, Valence CF, Everton, St Etienne, Estoril Eliaquim Mangala
15%
Milieu Toulouse, Spurs, Watford, Villareal Etienne Capoue
15%
Milieu Lens, Seville FC, Monaco, Inter, Valence CF, Atlético Madrid, Marseille Geoffrey Kondogbia
15%
Milieu Lyon, AS Roma Houssem Aouar
15%
Défenseur Toulouse, Barcelone, Benfica, Nice Jean-Clair Todibo
15%
Milieu Nantes, Lyon, Malaga, Monaco, Bordeaux Jérémy Toulalan
15%
Attaquant PSG, Montpellier, Lille, Fiorentina Jonathan Ikoné
15%
Défenseur St Etienne, Chelsea, Stoke, Everton, West Ham Kurt Zouma
15%
Défenseur Nantes, Lyon, Galatasaray, Basaksehir Leo Dubois
15%
Milieu Metz, Marseille, Arsenal, Villareal, Aston Villa Robert Pirès
15%
Milieu Amiens, Lyon, Spurs, Naples, Galatasaray Tanguy Ndombele
15%
Milieu Rennes, AC Milan, Bordeaux, Lyon, Dijon FCO Yoann Gourcuff
15%
Milieu Strasbourg, Monaco Youssouf Fofana
15%
Milieu Auxerre, Arsenal, Marseille Abou Diaby
13%
Défenseur Rennes Adrien Truffert
13%
Milieu Bayern, Le Havre, Bastia, Lens, Lyon, Bordeaux, OM, Charlton, Nancy Alou Diarra
13%
Défenseur Meaux, Laval, Strasbourg, Chelsea, Marseille, Al Sadd Frank Leboeuf
13%
Milieu Cannes, Bordeaux, Parme, Werder Breme Johan Micoud
13%
Milieu Le Havre, Chelsea, Arsenal, Portsmouth, Real Madrid, Marseille, PSG Lassana Diarra
13%
Attaquant OL,Lens,Nice,OM,QueensP,Newcastle,Chelsea,Palmas,Getafe,Lille,Rizespor Loïc Rémy
13%
Attaquant Metz, Newcastle, Fulham, Man United, Everton, Spurs, Sunderland, Lazio Louis Saha
13%
Défenseur Montpellier, Newcastle, AS Roma, Lyon, Istres Mapou Yanga-Mbiwa
13%
Milieu Sochaux, Lille, Dijon FCO, Reims, Chambly, Hyères Marvin Martin
13%
Milieu Rennes, Monaco, Chelsea, AC Milan, Naples, Lorient Tiémoué Bakayoko
13%
Milieu Rennes, Rubin Kazan, Sunderland, St Etienne, Olympiakos Yann M'Vila
13%
Défenseur Lyon, Leipzig Castello Lukeba
11%
Milieu Sochaux, Monaco, ASRoma, PSG, ACMilan, Bordeaux, A.Mexico, ParisFc Jérémy Ménez
11%
Défenseur Monaco, PSG, Fulham Layvin Kurzawa
11%
Attaquant Angers, Chateauroux, Ajaccio, Beauvais, Angoulême, Valenciennes, Caen Steve Savidan
11%
Défenseur Toulouse, Guingamps, AS Roma, Bolton, Udinese, Sienne, Messine Vincent Candela
11%
Attaquant LeHavre,Liverpool,Recreativo,AtléticoMadrid,Saragosse,StEtienne,Chainat Florent Sinama-Pongolle
10%
Défenseur Monaco, Marseille, Blackburn Rovers, Arles-Avignon, Thonon-Evian FC Gaël Givet
10%
Défenseur Le Havre, Auxerre, Rangers, Newcastle, Juventus, Lyon, Panathinaïkos Jean-Alain Boumsong
10%
Attaquant Rennes, Lyon, Hanovre 96, Guingamps, Bordeaux Jimmy Briand
10%
Milieu Lyon, Panathinaikos, Thonon-Evian, Chasselay, Limonest Sydney Govou
10%
Milieu Marseille, Istres, Naples, Sampdoria, Parme, Espanyol B Alain Boghossian
8%
Milieu Nantes FC, Sampdoria, Real Madrid, Middlesbrough, Olympiakos, Bastia Christian Karembeu
8%
Milieu PSG, Toulouse, Bordeaux, Rennes, Lens, Red Star, Poissy Clément Chantôme
8%
Milieu Lyon, AS Roma, Guingamps, Rennes, Majorque, Santander Clément Grenier
8%
Attaquant Grenoble, Bastia, Lille, Marseille, Newcastle, Tigres UANL, Udinese Floriant Thauvin
8%
Milieu St Etienne, Atlético Madrid, Wolfsburg, Bordeaux, Mayence Josuha Guilavogui
8%
Défenseur Bordeaux Marc Planus
8%
Défenseur Rennes, Inter, Man United, Arsenal, Werder Breme, Portland Timbers Mikael Silvestre
8%
Milieu Sedan, Lorient, Marseille, Bromwich, West Ham, Lille, Rennes Morgan Amalfitano
8%
Attaquant Auxerre, Rennes, Wolfsburg, St Etienne, Kayserispor, Guingamps, Boavista Paul-Georges Ntep
8%
Défenseur Martigues, Lens, Chateauroux, Nice, Rennes, Marseille, Al Arabi, Montréal Rod Fanni
8%
Défenseur Toulon, Monaco, Ajaccio, Lyon, Seville FC, Arsenal, Bastia Sébastien Squillaci
8%
Milieu Le Havre, Lyon, Bordeaux, AC Milan, PSG, Livourne Vikash Dhorasoo
8%
Milieu Muret, Nantes FC, Lyon, Lens, Dijon FCO Eric Carrière
7%
Défenseur Nice, Aston Villa, Marseille, Getafe, Brest Jordan Amavi
7%
Milieu Nice Khephren Thuram
7%
Milieu Marseille, Arsenal, AC Milan, Crystal Palace, Getafe Mathieu Flamini
7%
Défenseur Le Mans, Sochaux, Lille, Seville FC, Benfica, Espanyol B, Nantes, Amiens Sébastien Corchia
7%
Milieu Sochaux, Marseille, Lyon, Auxerre, Lille, Ajaccio, Nancy Benoit Pedretti
5%
Défenseur Toulouse, Lyon, Nice, St Etienne, GFC Ajaccio François Clerc
5%
Gardien Nice, Marseille, St Etienne, PSG, Nantes Jérome Alonzo
5%
Défenseur Cannes, Cagliari, AS Roma, Juventus, Brest, Toulouse, Arles-Avignon Jonathan Zebina
5%
Milieu Strasbourg, Everton, Lens, Leeds, AS Roma, Inter, Fulham, Liège Olivier Dacourt
5%
Défenseur Monaco, Barcelone, Marseille, Fulham Philippe Christanval
5%
Attaquant Red Star, Auxerre, Lyon, Fulham, Marseille, Wolfsburg, Lorient, Aubervilliers Steve Marlet
5%
Milieu Lille, Liverpool, Marseille, Bordeaux, Rennes, Anorthosis F, Nantes FC Bruno Cheyrou
3%
Milieu Sochaux, Bordeaux, Marseille, Monaco, Aris, Arles-Avignon, Nice, Apollon Camel Meriem
3%
Milieu Le Havre, Newcastle, Wigan, Aston Villa Charles N'Zogbia
3%
Défenseur Gueugnon, Bastia, Monaco, Marseille, Bordeaux Frank Jurietti
3%
Défenseur Lens, Barcelone, PSG, Marseille, Levante Frédéric Dehu
3%
Gardien St Etienne, Lorient, Le Mans Jeremie Janot
3%
Milieu Cannes, Bordeaux, WestHam, Elazigspor, Kilmarnock, InterTurku, Borneo Julien Faubert
3%
Milieu Montpellier, PSG, Newcastle, Portsmouth, Benfica, Levante, Toronto Laurent Robert
3%
Gardien Le Havre, Chateauroux, Toulouse, Rennes, PSG, Lens, Red Star Nicolas Douchez
3%
Gardien Bastia, Valenciennes, Charleroi SC Nicolas Penneteau
3%
Milieu Auxerre, Juve, Monaco, Levante, Birmingham, Wigan, Boulogne, Korona Olivier Kapo
3%
Attaquant Niort, Strasbourg, Lyon, Marseille, Auxerre, Levante, PSG, NYRD Peguy Luyindula
3%
Gardien Toulon, Monaco, Marseille, Créteil, Ajaccio, Alaves, Xerez Stéphane Porato
3%
Attaquant Nancy, Lens, Lyon, Bordeaux, Bastia, Rennes,Tours,Dudelange, Geugnon Tony Vairelles
3%
Défenseur Caen, PSG, Bolton, Hull, Odense, Brest, Chennai Bernard Mendy
2%
Attaquant Caen, Bastia, Lyon Frédéric Née
2%
Gardien Montpellier, Rennes, Monaco, Metz, Reims Johann Carrasso
2%
Milieu Strasbourg, Southampton, Man United, Everton, Nice, Kificias Morgan Schneinderlin
2%
Milieu Rennes, Inter, Parme, Monaco, Vicenza, Atalanta, Lazio Rome, Man City Ousmane Dabo
2%
Milieu Bordeaux, Villareal, Lille, Sparta, Mérignac Rio Antonio Mavuba
2%
Milieu Ales, Auxerre, Monaco, Parme, Inter, Genoa, Marseille, Al Rayyan, Salal Sabri Lamouchi
2%
Défenseur Tours, PSG, Newcastle, Man City, Portsmouth, Everton, Bornemouth Sylvain Distin
2%
Gardien Le Mans, Toulouse, Sochaux, Marseille Yohann Pelé
2%
Défenseur St Etienne, Inter, Empoli, Bastia, Marseille, Lens, Leeds, PSG Zoumana Camara
2%
Attaquant Valenciennes, Guingamps, Lens, Toulouse, Rennes, Grenoble, Boulogne Daniel Moreira
0%
Attaquant Nimes,Rennes,ASSE,ASM,OL,Portsmouth,WestH,Portland,Créteil, Mumbay Frédéric Piquionne
0%
Défenseur Montpellier, Liverpool, Bastia, Rennes, Espanyol B, Rangers, Lens, Bezier Grégory Vignal
0%
Défenseur Lyon, Inter, Real Sociedad, Sochaux, PSV, Bordeaux, GFC Ajaccio Jérémie Bréchet
0%
Défenseur Cannes, Rennes, Ajax, Seville FC, Besiktas Julien Escondé
0%
Défenseur Strasbourg, Monaco, Parme, Fulham, Nice, Bolton, Istres Martin Djetou
0%
Défenseur Nantes, Lens, Le Havre, Angers Nicolas Gillet
0%
Aucun quiz correspondant
Distribution des résultats
% des personnes avec chaque résultat
Percentile par nombre de réponses
Votre historique - résultats
Vous n’avez pas pris ce quiz